01720nam a22003257a 4500003000400000005001700004008004100021040002200062082001800084100003000102245003000132260006000162300002100222366000800243490003100251505006600282505046200348505001200810650006000822650005200882650005300934650004300987650004501030650005601075650004701131700003601178942002901214999001501243952013601258OSt20230616073538.0221006b |||||||| |||| 00| 0 eng d cBiblioteca Lado V a709.05bG851a 9855aGriffin, Timeeditor aArtforum/bInternacional/ aNew Yorkc2004bNew York editorial and business offices c26.5x27cma260p. espa aNoviembrev2004x0864-1315 tCOLUMNSaPassages On Site Tech Film Slant News Top Ten  tFeaturesaVision Quest: The Cinema of Harun Farocki Viewfinder: A Conversation with Harun Farocki The Tuymans Effect: Wilhelm Sasnal, Eberhard Havekost, Magnus von Plessen Isamu Noguchi: Two Views 1000 Words: Mark Dion Speaking Volumes: The Art of Susan Hiller Idyll Worship: Gregory J. Markopoulos's Eniaios Broken Screen: A Project for Artforum Good Humor Man: David Robbins's "Ice Cream Social" Concrete Comedy: A Primer Openings: Mindy Shapero tReviews 2Tesauro de Arte & ArquitecturaaARTE COMTEMPORANEO9703 2Tesauro de Arte & ArquitecturaaFOTOGRAFIA9702 2Tesauro de Arte & ArquitecturaaARTE VISUAL9702 2Tesauro de Arte & ArquitecturaaLIBROS 2Tesauro de Arte & ArquitecturaaNOTICIAS 2 Tesauro de Arte & ArquitecturaaARTE INTERNACIONAL 2 Tesauro de Arte & ArquitecturaaESCULTURA aNavarreta, Jose Antonioeeditor 2ddcc1h709.05iG851an0 c3841d3841 00102ddc3200440708RevistasaLVbLVd2023-06-16hNoviembrei002539l0o709.05 G851ap002539r2023-06-16 00:00:00w2023-06-16y1